000 00434nam a2200145Ia 4500
008 100122s9999 xx 000 0 und d
082 _b42128
_a821
100 _aधोंड म वा
245 _aमऱ्हाटी लावणी
260 _bमौज प्रकाशन
_c1988
300 _a313
630 _aमऱ्हाटी लावणी
730 _aमऱ्हाटी लावणी
942 _cBOOK
999 _c422569
_d422566